000 00397nam a2200169Ia 4500
001 24500
003 IN-NITTTR
005 20251114233313.0
008 251113s9999||||xx |||||||||||||| ||eng||
040 _beng
040 _cIN-NITTTR
041 _aeng
082 _a006.66 P41T
100 _aPerry, Greg
245 0 _aTeach yourself visual basic 6 in 21 days. /
_cPerry, Greg
942 _2ddc
_cBK
999 _c27129
_d27129